A lay guide to Romans / (Record no. 1698)
[ view plain ]
| 000 -LEADER | |
|---|---|
| fixed length control field | 00771pam a2200241 a 4500 |
| 001 - CONTROL NUMBER | |
| control field | 1860707 |
| 003 - CONTROL NUMBER IDENTIFIER | |
| control field | GBCCL |
| 005 - DATE AND TIME OF LATEST TRANSACTION | |
| control field | 20241126110407.0 |
| 008 - FIXED-LENGTH DATA ELEMENTS--GENERAL INFORMATION | |
| fixed length control field | 820914s1983 pau 000 0 eng |
| 010 ## - | |
| -- | 82015789 |
| 020 ## - INTERNATIONAL STANDARD BOOK NUMBER | |
| International Standard Book Number | 0836133161 (pbk.) : |
| Terms of availability | $8.95 ($10.75 Can.) |
| 040 ## - CATALOGING SOURCE | |
| Original cataloging agency | DLC |
| Transcribing agency | DLC |
| Modifying agency | DLC |
| 050 00 - | |
| -- | BS2665.3 |
| -- | .W4 1983 |
| 082 00 - DEWEY DECIMAL CLASSIFICATION NUMBER | |
| Classification number | 227.107 |
| Edition information | 19 |
| Item number | WEN |
| 100 1# - MAIN ENTRY--PERSONAL NAME | |
| Personal name | Wenger, J. C. |
| Fuller form of name | (John Christian), |
| Dates associated with a name | 1910-1995. |
| 9 (RLIN) | 3485 |
| 245 12 - TITLE STATEMENT | |
| Title | A lay guide to Romans / |
| Statement of responsibility, etc. | J.C. Wenger ; foreword by Walter A. Elwell. |
| 260 ## - PUBLICATION, DISTRIBUTION, ETC. | |
| Place of publication, distribution, etc. | Scottdale, Pa. : |
| Name of publisher, distributor, etc. | Herald Press, |
| Date of publication, distribution, etc. | 1983. |
| 300 ## - PHYSICAL DESCRIPTION | |
| Extent | 158 p. ; |
| Dimensions | 21 cm. |
| 630 00 - SUBJECT ADDED ENTRY--UNIFORM TITLE | |
| Uniform title | Bible. |
| Name of part/section of a work | Romans |
| General subdivision | Commentaries. |
| 9 (RLIN) | 3481 |
| 730 0# - | |
| -- | Bible. |
| -- | Romans. |
| -- | 3486 |
| 906 ## - LOCAL DATA ELEMENT F, LDF (RLIN) | |
| a | 7 |
| b | cbc |
| c | orignew |
| d | 1 |
| e | ocip |
| f | 19 |
| g | y-gencatlg |
| 942 ## - ADDED ENTRY ELEMENTS (KOHA) | |
| Source of classification or shelving scheme | Dewey Decimal Classification |
| Koha item type | Books |
| Koha issues (borrowed), all copies | 3 |
| Withdrawn status | Lost status | Source of classification or shelving scheme | Damaged status | Not for loan | Home library | Current Library | Shelving location | Date acquired | Total checkouts | Full call number | Barcode | Date last seen | Date last checked out | Copy number | Price effective from | Koha item type |
|---|---|---|---|---|---|---|---|---|---|---|---|---|---|---|---|---|
| Dewey Decimal Classification | GRACE BIBLE COLLEGE | GRACE BIBLE COLLEGE | Biblical Studies | 2017-05-15 | 4 | 227.107 WEN | 006088 | 2025-05-01 | 2025-02-24 | c.1 | 2017-05-15 | Books |